Digitálny marketing vo vybranej spoločnosti: Východiská a navrhovaný postup implementácie

Marketing vo vyhľadávačoch (Search Engine Marketing). Platená reklama vo vyhľadávačoch (PPC reklama). Optimalizácia webových stránok pre vyhľadávače. Výsledky výskumu, jeho aplikácia v spoločnosti Textil Lux a návrhy na optimalizáciu vybraných činností digitálneho marketingu na ďalšie zlepšenie budú...

Descrizione completa

Salvato in:
Dettagli Bibliografici
Autore principale: Miklošík, Andrej
Altri autori: Šimjaková, Alžbeta
Natura: Capitolo di libro
Lingua:slovacco
Soggetti:
Tags: Aggiungi Tag
Nessun Tag, puoi essere il primo ad aggiungerne!!

MARC

LEADER 00000naa$a2200000$$$4500
001 0249396
005 20240502074004.2
041 0 |a slo 
044 |a SK 
245 1 0 |a Digitálny marketing vo vybranej spoločnosti: Východiská a navrhovaný postup implementácie  |c Andrej Miklošík, Alžbeta Šimjaková 
520 |a Marketing vo vyhľadávačoch (Search Engine Marketing). Platená reklama vo vyhľadávačoch (PPC reklama). Optimalizácia webových stránok pre vyhľadávače. Výsledky výskumu, jeho aplikácia v spoločnosti Textil Lux a návrhy na optimalizáciu vybraných činností digitálneho marketingu na ďalšie zlepšenie budúcnosti e-shopu. 
610 2 0 |a marketing elektronický 
610 2 0 |a komunikácia elektronická 
610 2 0 |a obchod elektronický 
610 2 0 |a reklama 
610 2 0 |a textil 
610 2 0 |a stránky webové 
610 2 0 |a optimalizácia 
100 1 |a Miklošík, Andrej 
700 1 |a Šimjaková, Alžbeta